Darbe oyunu / (Record no. 12745)

MARC details
000 -BAŞLIK
Sabit Uzunlukta Kontrol Alanı 00727nam a22002417a 4500
999 ## - SİSTEM KONTROL NUMARALARI (KOHA)
Koha Biblionumber 12745
Koha Biblioitemnumber 12745
003 - KONTROL NUMARASI IDENTIFIER
Denetim Alanı MIRAKIL
005 - SON İŞLEM TARİHİ VE ZAMANI
Denetim Alanı 20211214000607.0
008 - SABİT-BOY VERİ ELEMANLARI - GENEL BİLGİLER
Sabit Uzunlukta Kontrol Alanı 190217b tu ||||| |||| 00| 0 tur d
020 ## - ULUSLARARASI STANDART KİTAP NUMARASI
Uluslararası Standart Kitap Numarası 9789944148849
040 ## - KATALOGLAMA KAYNAK
Orijinal Kataloglama Ajansı TR-AnCHP
Metne Dönüştürmek Ajansı TR-AnCHP
041 ## - DİL KODU
Metin / Ses Parça Veya Ayrı Başlığın Dil Kodu tur
082 ## - DEWEY ONLU SINIFLANDIRMA NUMARASI
Sınıflandırma Numarası 320.9561
Ürün Numarası A93d 2015
100 1# - ANA GİRİŞ - KİŞİSEL İSİM
Kişisel Ad Ayhan, Veysel
245 10 - BAŞLIK TABLOSU
Başlık Darbe oyunu /
Sorumluluk Tablosu, Vb Veysel Ayhan.
260 ## - YAYIN, DAĞITIM, VB
Yayın, Dağıtım, Vb Yeri İstanbul :
Yayıncı, Dağıtıcı, Vs Adı Alkım Yayınevi,
Yayın, Dağıtım, Vb Tarihi 2015.
300 ## - FİZİKSEL TANIM
Kapsam 400 s.:
Diğer Fiziksel Ayrıntıları res.,
Boyutlar 21 sm.
490 0# - SERİSİ TABLOSU
Seri Beyanı Alkım Yayınevi;
-- Syaset;
Hacim / Ardışık Tanımı 101.
600 14 - KONU KATMA GİRİŞ - KURUMSAL ADI
9 (RLIN) 4737
Kişisel Ad Erdoğan, Recep Tayyip
Genel Alt Bölümü yaşamöyküsü
650 #0 - KONU KATMA GİRİŞ - TOPİKAL DÖNEM
Topikal Süreli Veya Coğrafi Ad Giriş Elemanı Siyaset ve yönetim
Genel Alt Bölümü Türkiye
9 (RLIN) 9
650 #0 - KONU KATMA GİRİŞ - TOPİKAL DÖNEM
9 (RLIN) 5195
Topikal Süreli Veya Coğrafi Ad Giriş Elemanı Ordu-devlet ilişkileri
Genel Alt Bölümü Türkiye
650 #0 - KONU KATMA GİRİŞ - TOPİKAL DÖNEM
9 (RLIN) 333
Topikal Süreli Veya Coğrafi Ad Giriş Elemanı Darbeler
Genel Alt Bölümü Türkiye
942 ## - EKLENDİ GİRİŞ ELEMANLARI (KOHA)
Sınıflandırma Veya Raf Düzeni Kaynak Dewey Decimal Classification
Koha Öğesi Türü Books
Holdings
Kalıcı Konum Mevcut Konum Edinme Tarihi Edinim Kaynak Toplam Check-Out'Lar Tam Çağrı Numarası Barkod Tarih Son Görülme İtibaren Geçerli Fiyatlar Sigara Kamu Notu Koha Öğesi Türü
CHP Kütüphanesi CHP Kütüphanesi 02/17/2019 Bağış   320.9561 A93d 2015 018859 02/17/2019 02/17/2019 Kemal Kılıçdaroğlu bağışıdır. Books